000 00415nam a2200121Ia 4500
008 160609s9999 xx 000 0 und d
100 _aHoulahan, Michael.
245 _aKodály Today: A Cognitive Approach To Elementary Music Education, 2 Edition
245 _cBy:Micheal Houlahan, Philip Tacka
260 _c2015
650 _xMUSIC EDUCATION
856 _uhttp://file.ebook777.com/KodTodACogAppToEleMusEdu2Edi.pdf
999 _c295889
_d295889